[Event "e2e4 Brighton Open"]
[Site "Brighton"]
[Date "2010.11.14"]
[Round "5"]
[White "Willmoth, Robert F"]
[Black "Waters, Andrew C"]
[Result "1-0"]
[WhiteElo "2238"]
[BlackElo "1930"]
[PlyCount "87"]
[EventDate "2010.11.12"]
[EventType "swiss"]
[EventRounds "5"]
[EventCountry "ENG"]
[SourceTitle "BritBase"]
[Source "John Saunders"]
[SourceDate "2024.12.03"]
[SourceVersion "1"]
[SourceVersionDate "2024.12.03"]
[SourceQuality "1"]

1. e4 Nf6 2. e5 Nd5 3. c4 Nb6 4. d4 d6 5. exd6 cxd6 6. Be3 g6 7. Nc3 Bg7 8. Rc1 O-O 9. Nf3 Nc6 10. Be2 Bg4 11. b3 a5 12. O-O Rc8 13. h3 Bxf3 14. Bxf3 Nd7 15. Qd2 Nf6 16. Rfd1 h5 17. a3 b6 18. d5 Ne5 19. Be2 Ned7 20. b4 axb4 21. axb4 Ra8 22. Bd4 Kh7 23. f4 Re8 24. g4 hxg4 25. hxg4 Rh8 26. Kg2 Kg8 27. Rh1 Ra3 28. Rxh8+ Bxh8 29. Qb2 Qa8 30. g5 e5 31. fxe5 dxe5 32. Be3 Ne4 33. Nxe4 Rxe3 34. Bf3 Ra3 35. Qd2 Qa4 36. Bd1 Qa7 37. c5 f5 38. gxf6 Nxf6 39. Nxf6+ Bxf6 40. d6 Qh7 41. Qd5+ Kh8 42. Bb3 Rxb3 43. Qxb3 Qd7 44. Qh3+ 1-0

[Event "e2e4 Brighton Major"]
[Site "Brighton"]
[Date "2010.11.12"]
[Round "1"]
[White "Childs, Peter"]
[Black "Fowler, David J"]
[Result "1/2-1/2"]
[WhiteElo "1930"]
[BlackElo "1723"]
[PlyCount "74"]
[EventDate "2010.11.12"]
[EventType "swiss"]
[EventRounds "5"]
[EventCountry "ENG"]
[SourceTitle "BritBase"]
[Source "John Saunders"]
[SourceDate "2024.12.03"]
[SourceVersion "1"]
[SourceVersionDate "2024.12.03"]
[SourceQuality "1"]

1. e4 e6 2. d4 d5 3. Nc3 Bb4 4. e5 Ne7 5. a3 Bxc3+ 6. bxc3 c5 7. Qg4 Qc7 8. Qxg7 Rg8 9. Qxh7 cxd4 10. Ne2 Nbc6 11. f4 Bd7 12. g3 O-O-O 13. Qd3 dxc3 14. Nxc3 Na5 15. Be2 Bc6 16. Bd2 Nc4 17. Rb1 Rg7 18. Nb5 Bxb5 19. Rxb5 Nf5 20. Bb4 b6 21. Bd2 Rh8 22. g4 Ne7 23. h3 a6 24. Rb3 Kb8 25. Qc3 Nxd2 26. Kxd2 Qxc3+ 27. Kxc3 Rc8+ 28. Kd2 Kb7 29. Rhb1 Rc6 30. a4 Rg8 31. a5 b5 32. h4 Ng6 33. f5 Nxe5 34. fxe6 fxe6 35. g5 Nc4+ 36. Bxc4 Rxc4 37. Rh3 Rh8 1/2-1/2

[Event "e2e4 Brighton Major"]
[Site "Brighton"]
[Date "2010.11.12"]
[Round "1"]
[White "Clayton, Tristan"]
[Black "Bryant, Richard BE"]
[Result "0-1"]
[WhiteElo "1791"]
[BlackElo "1976"]
[PlyCount "50"]
[EventDate "2010.11.12"]
[EventType "swiss"]
[EventRounds "5"]
[EventCountry "ENG"]
[SourceTitle "BritBase"]
[Source "John Saunders"]
[SourceDate "2024.12.03"]
[SourceVersion "1"]
[SourceVersionDate "2024.12.03"]
[SourceQuality "1"]

1. e4 c5 2. Nc3 Nc6 3. g3 g6 4. Bg2 Bg7 5. d3 d6 6. f4 e6 7. Nf3 Nge7 8. O-O O-O 9. Ne2 b5 10. c3 d5 11. Be3 c4 12. Nfd4 Nxd4 13. Nxd4 Bd7 14. dxc4 dxc4 15. Qe2 Rc8 16. Rad1 Qc7 17. a3 Rfe8 18. Qf2 f5 19. Nc2 Nc6 20. e5 Bf8 21. Rd2 Re7 22. Nb4 Be8 23. Nxc6 Bxc6 24. Bxc6 Qxc6 25. Bxa7 Rxa7 0-1

[Event "e2e4 Brighton Major"]
[Site "Brighton"]
[Date "2010.11.12"]
[Round "1"]
[White "Hayward, Alan"]
[Black "Badham, Duncan"]
[Result "1-0"]
[WhiteElo "1979"]
[BlackElo "1794"]
[PlyCount "53"]
[EventDate "2010.11.12"]
[EventType "swiss"]
[EventRounds "5"]
[EventCountry "ENG"]
[SourceTitle "BritBase"]
[Source "John Saunders"]
[SourceDate "2024.12.03"]
[SourceVersion "1"]
[SourceVersionDate "2024.12.03"]
[SourceQuality "1"]

1. d4 Nf6 2. Nc3 d5 3. Bg5 g6 4. e4 dxe4 5. f3 e3 6. Bxe3 Bg7 7. Bc4 c6 8. Nge2 Nbd7 9. Qd2 Nb6 10. Bb3 Nbd5 11. Bh6 Bxh6 12. Qxh6 Be6 13. O-O-O Nxc3 14. Nxc3 Bxb3 15. axb3 Qa5 16. Rhe1 Qh5 17. Qf4 Nd5 18. Nxd5 Qxd5 19. Qf6 O-O 20. Rxe7 b5 21. g4 a5 22. h4 a4 23. h5 axb3 24. h6 Ra1+ 25. Kd2 Rxd1+ 26. Kxd1 bxc2+ 27. Kc1 1-0

[Event "e2e4 Brighton Major"]
[Site "Brighton"]
[Date "2010.11.12"]
[Round "1"]
[White "Healeas, Simon"]
[Black "Staples, Daniel J"]
[Result "1/2-1/2"]
[WhiteElo "1806"]
[BlackElo "1992"]
[PlyCount "31"]
[EventDate "2010.11.12"]
[EventType "swiss"]
[EventRounds "5"]
[EventCountry "ENG"]
[SourceTitle "BritBase"]
[Source "John Saunders"]
[SourceDate "2024.12.03"]
[SourceVersion "1"]
[SourceVersionDate "2024.12.03"]
[SourceQuality "1"]

1. d4 d6 2. Nf3 g6 3. e4 Bg7 4. c4 Nd7 5. Be2 e5 6. O-O Ne7 7. Nc3 O-O 8. Bg5 f6 9. Be3 Nc6 10. a3 a5 11. Rb1 exd4 12. Nxd4 Nxd4 13. Bxd4 Ne5 14. c5 Nf7 15. Qb3 Kh8 16. Rfd1 1/2-1/2

[Event "e2e4 Brighton Major"]
[Site "Brighton"]
[Date "2010.11.12"]
[Round "1"]
[White "Jacob, Sydney J"]
[Black "Tidmarsh, David A"]
[Result "1-0"]
[WhiteElo "1934"]
[BlackElo "1738"]
[PlyCount "141"]
[EventDate "2010.11.12"]
[EventType "swiss"]
[EventRounds "5"]
[EventCountry "ENG"]
[SourceTitle "BritBase"]
[Source "John Saunders"]
[SourceDate "2024.12.03"]
[SourceVersion "1"]
[SourceVersionDate "2024.12.03"]
[SourceQuality "1"]

1. c4 e5 2. g3 Nf6 3. Bg2 Be7 4. Nc3 O-O 5. Nf3 d6 6. O-O c6 7. d3 Bf5 8. Nh4 Qd7 9. Nxf5 Qxf5 10. f4 Qd7 11. d4 exf4 12. Bxf4 d5 13. b3 Rd8 14. e3 Na6 15. Qf3 Rac8 16. Be5 Nc7 17. Rac1 Nce8 18. a4 dxc4 19. bxc4 Bb4 20. Qe2 Bd6 21. Bxf6 Nxf6 22. c5 Bc7 23. Ne4 Nxe4 24. Bxe4 Re8 25. Bf5 Qd8 26. Bxc8 Qxc8 27. Qf3 Re7 28. Rce1 Ba5 29. Re2 f6 30. Qf5 Qe8 31. Qd3 Bc7 32. Rf3 Kh8 33. Qf5 Rd7 34. Rd2 h6 35. e4 Re7 36. Re2 Qd8 37. Rd3 b6 38. Red2 Qe8 39. d5 Re5 40. Qf3 bxc5 41. d6 Bb6 42. a5 Bxa5 43. d7 Qd8 44. Rc2 Bb6 45. Rc4 Qe7 46. Qd1 Bd8 47. Qf3 a5 48. Kf2 Qe6 49. Rdc3 Qxd7 50. Rd3 Qe7 51. Qd1 Bb6 52. Rd7 Qe6 53. Qd3 f5 54. exf5 Rxf5+ 55. Kg2 Rd5 56. Rxd5 cxd5 57. Rf4 Qd6 58. Qf3 Kg8 59. Qh5 Qd7 60. Qg6 Bc7 61. Rf5 c4 62. Qh5 d4 63. Rd5 Qc6 64. Qf3 Qb6 65. Rd7 Be5 66. Qd5+ Kh7 67. Qxe5 Qc6+ 68. Rd5 d3 69. Qe4+ Kg8 70. Rd8+ Kf7 71. Qxc6 1-0

[Event "e2e4 Brighton Major"]
[Site "Brighton"]
[Date "2010.11.12"]
[Round "1"]
[White "Kalaiyalahan, Akshaya"]
[Black "O'Gorman, Brendan"]
[Result "0-1"]
[WhiteElo "1226"]
[BlackElo "1822"]
[PlyCount "112"]
[EventDate "2010.11.12"]
[EventType "swiss"]
[EventRounds "5"]
[EventCountry "ENG"]
[SourceTitle "BritBase"]
[Source "John Saunders"]
[SourceDate "2024.12.03"]
[SourceVersion "1"]
[SourceVersionDate "2024.12.03"]
[SourceQuality "1"]

1. c4 c5 2. Nf3 g6 3. g3 Bg7 4. Bg2 Nc6 5. Nc3 e5 6. O-O Nge7 7. d3 O-O 8. e3 d6 9. Re1 h6 10. a3 Be6 11. Qc2 Rc8 12. Bd2 d5 13. cxd5 Nxd5 14. Nxd5 Bxd5 15. Rad1 Qe7 16. Bc3 Qe6 17. Nd2 Bxg2 18. Kxg2 Rfd8 19. Nf3 Qd5 20. Rd2 Nd4 21. exd4 cxd4 22. Rc1 dxc3 23. bxc3 h5 24. c4 Qc6 25. Re2 Rd6 26. Qb3 Rf6 27. Re4 Rxf3 28. Kxf3 f5 29. Rb1 fxe4+ 30. dxe4 Rf8+ 31. Kg2 Qxe4+ 32. Kg1 Qf3 33. c5+ Qxb3 34. Rxb3 Rf7 35. a4 Bf8 36. Rb5 Rc7 37. c6 bxc6 38. Rxe5 c5 39. Kf1 c4 40. Ke1 Re7 41. Rxe7 Bxe7 42. Kd2 Bb4+ 43. Ke3 Kf7 44. Kd4 c3 45. Kd3 Ke6 46. f3 g5 47. Kc2 Kd5 48. Kd3 a6 49. f4 gxf4 50. gxf4 Ke6 51. Kc4 c2 52. Kxb4 c1=Q 53. Ka5 Qxf4 54. h3 Kd6 55. h4 Kc6 56. Kxa6 Qxa4# 0-1

[Event "e2e4 Brighton Major"]
[Site "Brighton"]
[Date "2010.11.12"]
[Round "1"]
[White "Kelly, Paul J"]
[Black "Benson, Peter"]
[Result "1-0"]
[WhiteElo "1946"]
[BlackElo "1746"]
[PlyCount "67"]
[EventDate "2010.11.12"]
[EventType "swiss"]
[EventRounds "5"]
[EventCountry "ENG"]
[SourceTitle "BritBase"]
[Source "John Saunders"]
[SourceDate "2024.12.03"]
[SourceVersion "1"]
[SourceVersionDate "2024.12.03"]
[SourceQuality "1"]

1. e4 c5 2. a3 g6 3. d4 cxd4 4. c3 Bg7 5. cxd4 Nc6 6. d5 Na5 7. Ra2 b6 8. Bd2 Nb7 9. Bc3 Nf6 10. f3 O-O 11. b4 d6 12. Bc4 a5 13. Rd2 Bd7 14. Bb3 a4 15. Ba2 Rc8 16. Ne2 e5 17. Qc2 Bb5 18. Rd1 Nh5 19. g3 Bh6 20. Qb2 Qd7 21. Bd2 Bxe2 22. Kxe2 Bg7 23. Nc3 b5 24. Bb1 f5 25. Rdf1 fxe4 26. Bxe4 Nd8 27. Qc2 Nf6 28. Qd3 Rb8 29. h4 Nxe4 30. Nxe4 Nf7 31. h5 Qf5 32. g4 Qd7 33. hxg6 hxg6 34. Nf6+ 1-0

[Event "e2e4 Brighton Major"]
[Site "Brighton"]
[Date "2010.11.12"]
[Round "1"]
[White "Lawrence, David J"]
[Black "Pedder, Stephane SG"]
[Result "0-1"]
[WhiteElo "1714"]
[BlackElo "1930"]
[PlyCount "53"]
[EventDate "2010.11.12"]
[EventType "swiss"]
[EventRounds "5"]
[EventCountry "ENG"]
[SourceTitle "BritBase"]
[Source "John Saunders"]
[SourceDate "2024.12.03"]
[SourceVersion "1"]
[SourceVersionDate "2024.12.03"]
[SourceQuality "1"]

1. d4 Nf6 2. c4 b6 3. Nc3 Bb7 4. Bf4 d6 5. e3 Nbd7 6. Nf3 e6 7. Bd3 h6 8. h3 Be7 9. Qe2 a6 10. O-O c5 11. Rfd1 O-O 12. Rac1 Re8 13. dxc5 Nxc5 14. Bb1 Qc7 15. b4 Ncd7 16. Qd3 e5 17. Nd5 Bxd5 18. cxd5 Qd8 19. Bxh6 e4 20. Qd4 exf3 21. Bg5 fxg2 22. Qh4 Nf8 23. Rc4 N6h7 24. Bxe7 Rxe7 25. Rg4 Re5 26. Qh6 Rg5 27. Rdd4 0-1

[Event "e2e4 Brighton Major"]
[Site "Brighton"]
[Date "2010.11.12"]
[Round "1"]
[White "Lee, Bryan"]
[Black "Spicer, Jonathan"]
[Result "1-0"]
[WhiteElo "1824"]
[BlackElo "1602"]
[PlyCount "95"]
[EventDate "2010.11.12"]
[EventType "swiss"]
[EventRounds "5"]
[EventCountry "ENG"]
[SourceTitle "BritBase"]
[Source "John Saunders"]
[SourceDate "2024.12.03"]
[SourceVersion "1"]
[SourceVersionDate "2024.12.03"]
[SourceQuality "1"]

1. e4 e5 2. Nf3 Nc6 3. d4 exd4 4. Bc4 Bc5 5. O-O Nge7 6. Ng5 Ne5 7. Nxf7 Nxf7 8. Bxf7+ Kf8 9. Qf3 Nc6 10. Bd5+ Qf6 11. Qxf6+ gxf6 12. Bh6+ Ke7 13. a3 Ne5 14. Nd2 c6 15. Bb3 d6 16. Rad1 Be6 17. h3 Rhg8 18. Bxe6 Kxe6 19. Nb3 Bb6 20. Kh1 c5 21. Nd2 Rg6 22. Bf4 Rag8 23. Bxe5 dxe5 24. g3 h5 25. Nc4 Bc7 26. b4 b5 27. Nd2 c4 28. a4 c3 29. Nb3 bxa4 30. Nc5+ Ke7 31. Ra1 Bb6 32. Nd3 Rc8 33. Rxa4 Rgg8 34. Kg2 Rc4 35. Rfa1 Ra8 36. Kf3 a5 37. Ke2 Ra7 38. f4 Kd6 39. Rf1 axb4 40. Rxa7 Bxa7 41. fxe5+ fxe5 42. Rf6+ Ke7 43. Rh6 Bc5 44. Rc6 Kd7 45. Rxc5 Rxc5 46. Nxc5+ Kc6 47. Nb3 Kd6 48. Kd3 1-0

[Event "e2e4 Brighton Major"]
[Site "Brighton"]
[Date "2010.11.12"]
[Round "1"]
[White "Moore, John R"]
[Black "Kreuzer, Christopher RL"]
[Result "0-1"]
[WhiteElo "1730"]
[BlackElo "1933"]
[PlyCount "48"]
[EventDate "2010.11.12"]
[EventType "swiss"]
[EventRounds "5"]
[EventCountry "ENG"]
[SourceTitle "BritBase"]
[Source "John Saunders"]
[SourceDate "2024.12.03"]
[SourceVersion "1"]
[SourceVersionDate "2024.12.03"]
[SourceQuality "1"]

1. e4 c5 2. Nc3 d6 3. f4 Nc6 4. Nf3 Bg4 5. Be2 e6 6. d3 g6 7. O-O Bg7 8. Be3 Nge7 9. Qd2 O-O 10. Kh1 b6 11. Bf2 d5 12. Ng5 Bxe2 13. Qxe2 h6 14. Nh3 dxe4 15. dxe4 Bxc3 16. bxc3 Qc7 17. Bh4 Kg7 18. f5 exf5 19. exf5 Nxf5 20. Rxf5 gxf5 21. Qh5 Ne7 22. Re1 Rae8 23. Rxe7 Rxe7 24. Qxf5 Qe5 0-1

[Event "e2e4 Brighton Major"]
[Site "Brighton"]
[Date "2010.11.12"]
[Round "1"]
[White "Morgan, Jonathan"]
[Black "Young, Melvyn Jack"]
[Result "0-1"]
[WhiteElo "1746"]
[BlackElo "1938"]
[PlyCount "54"]
[EventDate "2010.11.12"]
[EventType "swiss"]
[EventRounds "5"]
[EventCountry "ENG"]
[SourceTitle "BritBase"]
[Source "John Saunders"]
[SourceDate "2024.12.03"]
[SourceVersion "1"]
[SourceVersionDate "2024.12.03"]
[SourceQuality "1"]

1. d4 c5 2. d5 Nf6 3. Nc3 d6 4. e4 g6 5. Bb5+ Nbd7 6. Qe2 Bg7 7. Nf3 O-O 8. Bg5 a6 9. Bxd7 Bxd7 10. O-O b5 11. e5 b4 12. exd6 exd6 13. Ne4 Re8 14. Rfe1 h6 15. Bxf6 Bxf6 16. Nxf6+ Qxf6 17. Qd2 Kh7 18. c4 a5 19. b3 Bg4 20. Qd3 a4 21. Nd2 Bf5 22. Qf3 Qb2 23. Rab1 Qxd2 24. Rxe8 Rxe8 25. g4 Re1+ 26. Rxe1 Qxe1+ 27. Kg2 Be4 0-1

[Event "e2e4 Brighton Major"]
[Site "Brighton"]
[Date "2010.11.12"]
[Round "1"]
[White "Nettleton, Charles B"]
[Black "Watson, Darrell A"]
[Result "0-1"]
[WhiteElo "1841"]
[BlackElo "1648"]
[PlyCount "84"]
[EventDate "2010.11.12"]
[EventType "swiss"]
[EventRounds "5"]
[EventCountry "ENG"]
[SourceTitle "BritBase"]
[Source "John Saunders"]
[SourceDate "2024.12.03"]
[SourceVersion "1"]
[SourceVersionDate "2024.12.03"]
[SourceQuality "1"]

1. d4 Nf6 2. c4 g6 3. Nc3 Bg7 4. e4 d6 5. Be2 O-O 6. g4 Nbd7 7. a3 e5 8. d5 a6 9. Be3 Nc5 10. f3 Rb8 11. b4 Ncd7 12. h4 b5 13. cxb5 axb5 14. Bxb5 Nb6 15. a4 Bd7 16. Rc1 Ne8 17. Bxd7 Qxd7 18. Bxb6 Rxb6 19. b5 f5 20. g5 fxe4 21. Nxe4 h5 22. Rc3 Rf7 23. Ne2 Rb8 24. Qb3 Kh8 25. Rd3 Bf8 26. Nd2 Ng7 27. Nc4 Nf5 28. Na5 Nd4 29. Nxd4 exd4 30. Nc6 Re8+ 31. Kd1 Bg7 32. a5 Qf5 33. a6 Re3 34. Rxe3 dxe3 35. Re1 Qxf3+ 36. Kc1 Qf2 37. Qxe3 Qb2+ 38. Kd1 Rf2 39. Nb4 Qb1+ 40. Qc1 Qxb4 41. Re8+ Kh7 42. a7 Qg4+ 0-1

[Event "e2e4 Brighton Major"]
[Site "Brighton"]
[Date "2010.11.12"]
[Round "1"]
[White "Selby, Paul R"]
[Black "Musthapha, Othman"]
[Result "1/2-1/2"]
[WhiteElo "1914"]
[BlackElo "1699"]
[PlyCount "47"]
[EventDate "2010.11.12"]
[EventType "swiss"]
[EventRounds "5"]
[EventCountry "ENG"]
[SourceTitle "BritBase"]
[Source "John Saunders"]
[SourceDate "2024.12.03"]
[SourceVersion "1"]
[SourceVersionDate "2024.12.03"]
[SourceQuality "1"]

1. e4 c5 2. Nf3 d6 3. c3 Nf6 4. Be2 Nc6 5. Qc2 e5 6. O-O Be7 7. d4 cxd4 8. cxd4 exd4 9. Rd1 O-O 10. Nxd4 Nxd4 11. Rxd4 Bd7 12. Nc3 Rc8 13. Qd1 Qa5 14. Bf4 Bc6 15. Bf3 Rfe8 16. Qd2 b5 17. b4 Qc7 18. Rc1 Qb8 19. Rd1 Qa8 20. Bxd6 Bxd6 21. Rxd6 Nxe4 22. Bxe4 Bxe4 23. Nxe4 Qxe4 24. Rd3 1/2-1/2

[Event "e2e4 Brighton Major"]
[Site "Brighton"]
[Date "2010.11.13"]
[Round "2"]
[White "Badham, Duncan"]
[Black "Lawrence, David J"]
[Result "1/2-1/2"]
[WhiteElo "1794"]
[BlackElo "1714"]
[PlyCount "63"]
[EventDate "2010.11.12"]
[EventType "swiss"]
[EventRounds "5"]
[EventCountry "ENG"]
[SourceTitle "BritBase"]
[Source "John Saunders"]
[SourceDate "2024.12.03"]
[SourceVersion "1"]
[SourceVersionDate "2024.12.03"]
[SourceQuality "1"]

1. c4 e6 2. g3 Nf6 3. Bg2 Be7 4. Nc3 d5 5. d4 O-O 6. Nf3 dxc4 7. O-O Nbd7 8. e4 c6 9. a4 Bb4 10. Qe2 Bxc3 11. bxc3 b5 12. Ba3 Re8 13. Rfd1 Bb7 14. h4 Qc7 15. Qc2 c5 16. e5 Nd5 17. axb5 cxd4 18. cxd4 N7b6 19. Ng5 g6 20. Ne4 a6 21. Bd6 Qc8 22. bxa6 Bxa6 23. Bc5 Qc7 24. Nf6+ Nxf6 25. exf6 Bb7 26. Bxb7 Qxb7 27. Rxa8 Nxa8 28. Qxc4 Qf3 29. Qa4 Nc7 30. Bd6 Ra8 31. Qc2 Nd5 32. Be5 1/2-1/2

[Event "e2e4 Brighton Major"]
[Site "Brighton"]
[Date "2010.11.13"]
[Round "2"]
[White "Bryant, Richard BE"]
[Black "Payne, Matthew J"]
[Result "0-1"]
[WhiteElo "1976"]
[BlackElo "1849"]
[PlyCount "62"]
[EventDate "2010.11.12"]
[EventType "swiss"]
[EventRounds "5"]
[EventCountry "ENG"]
[SourceTitle "BritBase"]
[Source "John Saunders"]
[SourceDate "2024.12.03"]
[SourceVersion "1"]
[SourceVersionDate "2024.12.03"]
[SourceQuality "1"]

1. e4 e6 2. d4 d5 3. Nd2 Nc6 4. c3 e5 5. exd5 Qxd5 6. Qf3 Qxf3 7. Ngxf3 exd4 8. Nxd4 Nxd4 9. cxd4 Be6 10. Be2 O-O-O 11. Nf3 Bb4+ 12. Bd2 Bxd2+ 13. Kxd2 Nf6 14. Rhd1 Rhe8 15. b3 Ne4+ 16. Ke1 Nc3 17. Rd2 Bf5 18. Ng1 Re4 19. Rc1 Nb5 20. Rc5 Rexd4 21. Nf3 Rxd2 22. Nxd2 Nd4 23. Bc4 b6 24. Re5 Bg6 25. Re7 Rd7 26. Re8+ Kb7 27. Kd1 b5 28. Bf1 f6 29. Re3 Nc2 30. Rc3 Na3 31. Kc1 Rxd2 0-1

[Event "e2e4 Brighton Major"]
[Site "Brighton"]
[Date "2010.11.13"]
[Round "2"]
[White "Engelbrecht, Kevin P"]
[Black "Childs, Peter"]
[Result "1/2-1/2"]
[WhiteElo "1777"]
[BlackElo "1930"]
[PlyCount "102"]
[EventDate "2010.11.12"]
[EventType "swiss"]
[EventRounds "5"]
[EventCountry "ENG"]
[SourceTitle "BritBase"]
[Source "John Saunders"]
[SourceDate "2024.12.03"]
[SourceVersion "1"]
[SourceVersionDate "2024.12.03"]
[SourceQuality "1"]

1. e4 e6 2. d4 d5 3. Nd2 c5 4. c3 Nc6 5. Bb5 Qb6 6. Bxc6+ bxc6 7. Ne2 Ba6 8. exd5 cxd5 9. Nf3 Nf6 10. O-O cxd4 11. Nfxd4 Be7 12. Qa4+ Nd7 13. Re1 Qb7 14. Nf4 O-O 15. Nxd5 Qxd5 16. Qxa6 Rfc8 17. Be3 Nc5 18. Qe2 Rab8 19. c4 Qe4 20. b3 Bf6 21. Rad1 a6 22. Qf3 Qxf3 23. Nxf3 Rb7 24. Bxc5 Rxc5 25. Re2 Kf8 26. Red2 Be7 27. Kf1 Ke8 28. Rd3 Rcc7 29. Ne5 f6 30. Ng4 Rd7 31. Rxd7 Rxd7 32. Rxd7 Kxd7 33. Ke2 Kc6 34. Kd3 Kc5 35. Kc3 h5 36. b4+ Kc6 37. Ne3 Bd6 38. g3 h4 39. a4 f5 40. b5+ axb5 41. cxb5+ Kc5 42. Ng2 hxg3 43. hxg3 g5 44. Ne3 Be5+ 45. Kb3 Bd4 46. Nd1 g4 47. Ne3 Bxe3 48. fxe3 e5 49. Kc3 f4 50. exf4 exf4 51. Kd3 f3 1/2-1/2

[Event "e2e4 Brighton Major"]
[Site "Brighton"]
[Date "2010.11.13"]
[Round "2"]
[White "Fell, Colin"]
[Black "Selby, Paul R"]
[Result "1/2-1/2"]
[WhiteElo "1562"]
[BlackElo "1914"]
[PlyCount "86"]
[EventDate "2010.11.12"]
[EventType "swiss"]
[EventRounds "5"]
[EventCountry "ENG"]
[SourceTitle "BritBase"]
[Source "John Saunders"]
[SourceDate "2024.12.03"]
[SourceVersion "1"]
[SourceVersionDate "2024.12.03"]
[SourceQuality "1"]

1. d3 d5 2. g3 e5 3. Bg2 Nf6 4. Nd2 Be6 5. e4 d4 6. Nh3 h6 7. f4 Bg4 8. Nf3 Nc6 9. Nf2 Qd7 10. f5 O-O-O 11. a3 Bd6 12. h3 Bxf5 13. exf5 e4 14. Nxe4 Nxe4 15. dxe4 Bxg3+ 16. Kf1 Rhe8 17. Qd3 Qe7 18. Nxd4 Nxd4 19. Qxg3 Nxc2 20. Rb1 Qc5 21. Bf4 Qc4+ 22. Kg1 Nd4 23. Kh2 Ne2 24. Qf3 Rd3 25. Qg4 h5 26. Qg5 c6 27. Rhd1 Red8 28. Rxd3 Qxd3 29. Re1 f6 30. Qh4 Nxf4 31. Qxf4 Qc2 32. e5 Rd2 33. Qg3 Re2 34. Rxe2 Qxe2 35. e6 Qxb2 36. Qxg7 Qe5+ 37. Qg3 Qxf5 38. Qg8+ Kc7 39. Qg7+ Kb6 40. e7 Qe5+ 41. Kg1 Qe1+ 42. Kh2 Qe5+ 43. Kh1 Qe1+ 1/2-1/2

[Event "e2e4 Brighton Major"]
[Site "Brighton"]
[Date "2010.11.13"]
[Round "2"]
[White "Fowler, David J"]
[Black "Hjort, Helge"]
[Result "0-1"]
[WhiteElo "1723"]
[BlackElo "1926"]
[PlyCount "112"]
[EventDate "2010.11.12"]
[EventType "swiss"]
[EventRounds "5"]
[EventCountry "ENG"]
[SourceTitle "BritBase"]
[Source "John Saunders"]
[SourceDate "2024.12.03"]
[SourceVersion "1"]
[SourceVersionDate "2024.12.03"]
[SourceQuality "1"]

1. e4 c5 2. Nc3 Nc6 3. f4 g6 4. Nf3 Bg7 5. Bb5 Nd4 6. O-O e6 7. a4 Ne7 8. e5 a6 9. Bc4 d5 10. exd6 Qxd6 11. d3 b6 12. Ne4 Qc7 13. c3 Ndc6 14. Qe1 Nf5 15. Neg5 O-O 16. g4 Nd6 17. Bb3 h6 18. Ne4 Na5 19. Bc2 Nxe4 20. dxe4 f5 21. gxf5 exf5 22. e5 Bb7 23. Qg3 Qc6 24. Bd2 Rad8 25. Rad1 Kh7 26. Qh3 Kh8 27. Kf2 Rd7 28. Bc1 Rfd8 29. Rg1 Qxf3+ 30. Qxf3 Bxf3 31. Kxf3 Rxd1 32. Rxd1 Rxd1 33. Bxd1 Bf8 34. b3 Kg7 35. Bd2 Kf7 36. Ke3 Ke6 37. Kd3 Be7 38. h3 g5 39. c4 gxf4 40. Bxf4 Bg5 41. Ke3 Nc6 42. Bh5 Nxe5 43. Bxg5 hxg5 44. Bd1 Ng6 45. Be2 Ke5 46. Bd3 Nf4 47. Bf1 Ne6 48. Be2 Nd4 49. Bd1 a5 50. Kf2 Kf4 51. Kg2 Ke3 52. Kg3 Kd2 53. Bg4 f4+ 54. Kf2 Nxb3 55. Bf5 Nd4 56. Be4 Kc3 0-1

[Event "e2e4 Brighton Major"]
[Site "Brighton"]
[Date "2010.11.13"]
[Round "2"]
[White "Musthapha, Othman"]
[Black "Dean, Robert A"]
[Result "1/2-1/2"]
[WhiteElo "1699"]
[BlackElo "1882"]
[PlyCount "132"]
[EventDate "2010.11.12"]
[EventType "swiss"]
[EventRounds "5"]
[EventCountry "ENG"]
[SourceTitle "BritBase"]
[Source "John Saunders"]
[SourceDate "2024.12.03"]
[SourceVersion "1"]
[SourceVersionDate "2024.12.03"]
[SourceQuality "1"]

1. e4 e6 2. d4 d5 3. e5 c5 4. c3 Nc6 5. Nf3 Bd7 6. Be2 f6 7. O-O fxe5 8. Nxe5 Nxe5 9. dxe5 Ne7 10. Bg5 Qc7 11. Re1 O-O-O 12. Bd3 h6 13. Bh4 g5 14. Bg3 Nc6 15. Na3 c4 16. Bg6 Bxa3 17. bxa3 Ne7 18. Bb1 Rdg8 19. h4 Qa5 20. Qc1 Nc6 21. Re3 Be8 22. Bc2 gxh4 23. Bxh4 Rg4 24. g3 Rhg8 25. Bf6 h5 26. Kf1 Bg6 27. Bd1 Re4 28. Rxe4 dxe4 29. Be2 Nxe5 30. Qg5 Nc6 31. Bxc4 Bf7 32. Qf4 Qxa3 33. Rd1 Qc5 34. Qxe4 Re8 35. Qd3 Kb8 36. Bb3 Rf8 37. Qd7 Bg8 38. Bxe6 Bxe6 39. Qxe6 Qb5+ 40. Kg1 Rc8 41. Qd6+ Ka8 42. Qd7 Rf8 43. Be7 Rg8 44. Bd6 a6 45. Qh7 Rd8 46. Rb1 Rd7 47. Qg8+ Rd8 48. Qxd8+ Nxd8 49. Rxb5 axb5 50. f4 Nf7 51. Bc7 b6 52. Bxb6 Kb7 53. Bc5 Kc6 54. Bb4 Kd5 55. Kh2 Nh6 56. Kh3 Nf5 57. g4 hxg4+ 58. Kxg4 Ne3+ 59. Kg5 Ke4 60. Bd6 Nf5 61. Bb4 Ne3 62. a3 Nf5 63. c4 bxc4 64. a4 Nd4 65. Kg4 Kd5 66. f5 Nxf5 1/2-1/2

[Event "e2e4 Brighton Major"]
[Site "Brighton"]
[Date "2010.11.13"]
[Round "2"]
[White "O'Gorman, Brendan"]
[Black "Jacob, Sydney J"]
[Result "0-1"]
[WhiteElo "1822"]
[BlackElo "1934"]
[PlyCount "92"]
[EventDate "2010.11.12"]
[EventType "swiss"]
[EventRounds "5"]
[EventCountry "ENG"]
[SourceTitle "BritBase"]
[Source "John Saunders"]
[SourceDate "2024.12.03"]
[SourceVersion "1"]
[SourceVersionDate "2024.12.03"]
[SourceQuality "1"]

1. Nf3 d5 2. c4 c6 3. g3 Nf6 4. Bg2 e6 5. Qc2 Nbd7 6. O-O Bd6 7. d4 O-O 8. Nc3 Re8 9. Nd2 c5 10. dxc5 Bxc5 11. Nb3 dxc4 12. Nxc5 Nxc5 13. Rd1 Qe7 14. Bf4 e5 15. Bg5 Be6 16. Nd5 Bxd5 17. Bxd5 h6 18. Bxf6 Qxf6 19. Qxc4 Rac8 20. Rac1 Rc7 21. b4 Ne6 22. Qb5 Rd8 23. Rxc7 Nxc7 24. Qxb7 Ne6 25. Rc1 Ng5 26. Rc8 Nh3+ 27. Kg2 Qxf2+ 28. Kxh3 Qf1+ 29. Kh4 Qf6+ 30. Kh3 Qf1+ 31. Kh4 Qf6+ 32. Kh3 Qf5+ 33. g4 Qxc8 34. Qxf7+ Kh8 35. Be4 Qc3+ 36. Bd3 e4 37. Qe7 Rxd3+ 38. exd3 Qxd3+ 39. Kh4 e3 40. Kg3 Kh7 41. Kf3 Qf1+ 42. Kg3 Qf2+ 43. Kh3 Qf3+ 44. Kh4 e2 45. g5 hxg5+ 46. Kxg5 Qf6+ 0-1